Sistematización del proyecto "Viviendas saludables en cinco caseríos de la zona rural de Cajamarca"

Presenta la sistematización del proyecto "Viviendas saludables en cinco caseríos de la zona rural de Cajamarca".

Đã lưu trong:
Chi tiết về thư mục
Tác giả chính: Araujo Morales, Ana Isabel
Tác giả của công ty: e-libro, Corp
Tác giả khác: Gross Porras, Giovanna Irene (Giám đốc)
Định dạng: eBook
Ngôn ngữ:Tiếng Tây Ban Nha
Được phát hành: Lima : Pontificia Universidad Católica del Perú, 2011.
Những chủ đề:
Truy cập trực tuyến:https://elibro.unach.elogim.com/es/lc/unach/titulos/85766
Các nhãn: Thêm thẻ
Không có thẻ, Là người đầu tiên thẻ bản ghi này!

MARC

LEADER 00000nam a2200000 a 4500
001 ELB85766
003 FlNmELB
006 m o d |
007 cr cn|||||||||
008 201201r2011 pe |||||s|||||||||||spa d
024 8 |z 71207121810 
035 |a (MiAaPQ)EBC3201561 
035 |a (Au-PeEL)EBL3201561 
035 |a (CaPaEBR)ebr10592525 
035 |a (OCoLC)929377075 
040 |a FlNmELB  |b spa  |c FlNmELB 
050 4 |a H1  |b A663 2011 
082 0 4 |a 300  |2 22 
100 1 |a Araujo Morales, Ana Isabel. 
245 1 0 |a Sistematización del proyecto "Viviendas saludables en cinco caseríos de la zona rural de Cajamarca"  |h [recurso electronico]  |c Ana Isabel Araujo Morales, Giovanna Irene Gross Porras. 
260 |a Lima :  |b Pontificia Universidad Católica del Perú,  |c 2011. 
300 |a 92 p. 
500 |a Tesis (maestría) - Pontificia Universidad Católica del Perú. 
520 |a Presenta la sistematización del proyecto "Viviendas saludables en cinco caseríos de la zona rural de Cajamarca". 
533 |a Recurso electrónico. Santa Fe, Arg.: e-libro, 2015. Disponible vía World Wide Web. El acceso puede estar limitado para las bibliotecas afiliadas a e-libro. 
650 4 |a Social Science.  |x General. 
650 4 |a Ciencias Sociales.  |x General. 
655 4 |a Libros electrónicos. 
700 1 |a Gross Porras, Giovanna Irene.  |4 drt 
710 2 |a e-libro, Corp. 
856 4 0 |u https://elibro.unach.elogim.com/es/lc/unach/titulos/85766